Pobreza, desigualdad social y ciudadanía: los límites de las políticas sociales en América Latina. Parte Pobreza, derechos sociales y ciudadanía /
Bewaard in:
| Hoofdauteur: | |
|---|---|
| Andere auteurs: | |
| Formaat: | Onbekend |
| Gepubliceerd in: |
Buenos Aires:
CLACSO. ASDI
|
| Onderwerpen: | |
| Tags: |
Voeg label toe
Geen labels, Wees de eerste die dit record labelt!
|
MARC
| LEADER | 00000 a2200000 04500 | ||
|---|---|---|---|
| 001 | 19276 | ||
| 003 | |||
| 008 | 991231s d | ||
| 040 | |||
| 090 | |a 145601 | ||
| 100 | |a Ziccardi, Alicia | ||
| 245 | |a Pobreza, desigualdad social y ciudadanía: los límites de las políticas sociales en América Latina. Parte Pobreza, derechos sociales y ciudadanía / |c Alicia Ziccardi | ||
| 260 | |a Buenos Aires: |b CLACSO. ASDI | ||
| 300 | |a 462 p | ||
| 500 | |a Disponible en Cd, en No. 194101 | ||
| 650 | |a DERECHOS CIVILES | ||
| 650 | |a NECESIDADES BASICAS | ||
| 650 | |a CONDICIONES DE VIDA | ||
| 650 | |a MARCO INSTITUCIONAL | ||
| 650 | |a INTERVENCION DEL ESTADO | ||
| 700 | |a comp | ||
| 999 | |c 1147 |d 1147 | ||
